000 00935nam a2200241Ia 4500
003 Ost
005 20260507075410.0
008 260507s9999||||xx |||||||||||||| ||und||
020 _a6920404977
040 _cfsecg
041 _aara
082 _a600
100 _aمبارك، صلاح الدين عبد المنعم
_eمؤلف
245 0 _aالمحاسبة والحاسبات الآلية /
_c صلاح الدين عبد المنعم مبارك
260 _aالإسكندرية:
_bدار المطبوعات الجامعية,
_c2008
300 _a432 صفحة؛
_bإيضاحات ؛
_c24 سم
520 _aيضم مكونات الحاسب الآلي ، Windows XP ، برنامج اكسل وتطبيقاته الحسابية
653 _aالحاسب الآلي
653 _aالمحاسبة
653 _aالمحاسبة الآلية
700 _aالبابلي، محمد
_eمؤلف ثانوي
942 _cكتاب
999 _c44372
_d44372